| 000 | 00797nam a2200265Ia 4500 | ||
|---|---|---|---|
| 003 | OSt | ||
| 005 | 20220926010228.0 | ||
| 006 | a|||||r|||| 00| 0 | ||
| 007 | ta | ||
| 008 | 220923b |||||||| |||| 00| 0 eng d | ||
| 020 | _a0706904818 | ||
| 037 | _cGeneral Book | ||
| 040 |
_aRTL _cRTL _beng |
||
| 041 |
_2eng _aeng |
||
| 082 | _aV2.N72<--N47, L7 | ||
| 100 |
_aDube S C Ed. _9311981 |
||
| 245 | 0 |
_aIndia since independence _bSocial report on India, 1947-1972 |
|
| 260 |
_a New Delhi _bVikas Publishing House Pvt India _c1977 |
||
| 300 |
_aviii,577p. _ccm. |
||
| 490 | _aIndian Institute of Advanced study publication | ||
| 500 | _aIndex:P561-77 | ||
| 650 | _aIndian History | ||
| 942 |
_hV2.N72<--N47, L7 _cGB _2CC |
||
| 999 |
_c616786 _d616786 |
||